000 00793nam a22003014a 4500
001 UByD003070
003 AR-LpoUNG
005 20240814101804.0
008 240814s2008||||sp a b 000|1 spa d
020 _a9781407541938
040 _aAR-LpoUNG
_bspa
_cAR-LpoUNG
_eaacr
041 1 _aspa
044 _asp
082 0 4 _a808.068 3 188had
_220
100 1 _aRandall, Ronne
245 1 4 _aLas hadas de medianoche
250 _a1ra. ed.
260 _aBarcelona :
_bParragon books,
_c2008.
300 _a20 p. :
_bil.
505 0 _aSugerido a partir de 6 aƱos (etiqueta AMARILLA)
650 4 _aCUENTOS
650 4 _aLITERATURA
653 0 _aLITERATURA INFANTIL
700 1 _aBell, Maddy
_eil.
700 1 _aBallesteros Pretel, Gema
_etr.
905 _a50234
942 _cLIB
_2ddc
999 _c65661
_d65661